Vista normal
Vista MARC
- Yáñez A., Edgar E.
Entrada Nombre personal
Número de registros utilizados en: 40
001 - NÚMERO DE CONTROL
- campo de control: 38534
003 - IDENTIFICADOR DEL NÚMERO DE CONTROL
- campo de control: OSt
005 - FECHA Y HORA DE LA ÚLTIMA TRANSACCIÓN
- campo de control: 20200514092638.0
008 - DATOS DE LONGITUD FIJA
- campo de control de longitud fija: 191108|| aca||aabn | a|a d
040 ## - FUENTE DE LA CATALOGACIÓN
- Centro catalogador/agencia de origen: OSt
- Centro/agencia transcriptor: OSt
100 ## - ENCABEZAMIENTO-NOMBRE DE PERSONA
- Nombre de persona: Yáñez A., Edgar E.
670 ## - FUENTE DE DATOS ENCONTRADOS
- Cita de la fuente: Work cat.: (OSt)13744: Yáñez A., Edgar E. , A valiaçao do impacto energético e ambiental da cogeçao no balanço energético e no ciclo de vida do biodiesel de óleo de palma africana, 2008